000 00883nam a2200217 i 4500
001 160525
003 ES-MaACL
005 20250824053551.0
008 000320s1847 sp |||| | spa d
040 _aCAM
_bspa
_cCAM
080 _a821.134.2-22"18"
100 1 _aNavarrete, Ramón de,
_d1818-1897
_985042
245 1 4 _a[La viuda de 15 años
_b: comedia en un acto /
_carreglada a la escena española por Ramón de Navarrete, representada en el teatro del Príncipe el 29 de junio de 1847].
260 _aMadrid :
_bVicente de Lalama,
_c1847.
300 _a10 p. ;
_c26 cm.
490 1 _aBiblioteca Dramática
594 _aTítulo y autor tomado de principio del texto, sin portada.
830 0 0 _aBiblioteca dramática
_9242024
852 _aES-MaACL
_jG-6372(5)
_z-- Enc. hol.
_z-- Enc. en un vol. facticio falto de la cub. original
999 _c160525
_d160525